Construction planning, equipment and methods

Guardat en:
Dades bibliogràfiques
Autor principal: Peurifoy, Robert Leroy, 1902-1995
Format: Desconegut
Idioma:English
Publicat: 1956 New York, New York : McGraw-Hill,
Col·lecció:McGraw-Hill Civil Engineering Series
Matèries:
Etiquetes: Afegir etiqueta
Sense etiquetes, Sigues el primer a etiquetar aquest registre!

MARC

LEADER 00000 a2200000 4500
003 002400
005 20221231143830.0
008 140114s1956 nyua 000 ||eng d
040 |c cru CEDI 
082 |a  624 P514c 
100 |a Peurifoy, Robert Leroy, 1902-1995  |9 21500 
245 |a Construction planning, equipment and methods 
260 |c  New York, New York : McGraw-Hill,   |a 1956 
300 |a  534 páginas : ilustraciones, gráficos (1 plegables) ; 24 cm 
440 |a McGraw-Hill Civil Engineering Series   |9 18870 
650 |x CONSTRUCCION  |9 21501 
942 |2 ddc  |c BK 
999 |c 12771  |d 12771